Manual para la pesca artesanal responsable de camarón en Colombia: (Registro nro. 20587)

Detalles MARC
000 -CABECERA
Campo de control 00934nam a22002657a 4500
005 - FECHA Y HORA DE LA ULTIMA TRANSACCION
Campo de control 20191224042358.0
008 - ELEMENTOS DE LONGITUD FIJA—INFORMACION GENERAL
Campo de control 191112b xxu||||| |||| 00| 0 spa d
020 ## - ISBN
ISBN 9789588448398
040 ## - FUENTE DE CATALOGACIÓN
Agencia catalogadora original CO-BoIAVH
Agencia transcriptora CO-BoIAVH
041 ## - IDIOMA
Código de idioma para texto/pista de sonido o título separado Español
044 ## - PAÍS DE PUBLICACIÓN
País de publicación Colombia
082 ## - NUMERO DE CLASIFICACION DECIMAL DEWEY
Número de clasificación 639.58
Número del ítem R42m
100 ## - ASIENTO PRINCIPAL--NOMBRE PERSONAL
9 (RLIN) 101986
Nombre personal Rico Mejía, Farit
245 ## - MENCION DE TITULO
Título Manual para la pesca artesanal responsable de camarón en Colombia:
Parte restante del título Adaptación de la red Suripera.
260 ## - PUBLICACION, DISTRIBUCION, ETC. (PIE DE IMPRENTA)
Lugar de publicación, distribución, etc. Santa Marta:
Nombre del editor, distribuidor, etc. INVEMAR,
Fecha de publicación, distribución, etc. 2011.
300 ## - DESCRIPCION FISICA
Extensión 24 Páginas:
Otros detalles físicos fotografías, ilustraciones y gráficos,
Dimensiones 28 x 22 cm.
650 #0 - ASIENTO SECUNDARIO DE MATERIA - TERMINO TEMATICO
9 (RLIN) 56132
Término temático o nombre geográfico como elemento de entrada Fondos de pesca
Subdivisión de forma Planes de manejo
650 #0 - ASIENTO SECUNDARIO DE MATERIA - TERMINO TEMATICO
9 (RLIN) 1863
Término temático o nombre geográfico como elemento de entrada Pesca artesanal
Subdivisión geográfica Colombia
650 #0 - ASIENTO SECUNDARIO DE MATERIA - TERMINO TEMATICO
9 (RLIN) 4445
Término temático o nombre geográfico como elemento de entrada Indicadores de sostenibilidad
650 #0 - ASIENTO SECUNDARIO DE MATERIA - TERMINO TEMATICO
9 (RLIN) 96783
Término temático o nombre geográfico como elemento de entrada Métodos de pesca
700 ## - ASIENTO SECUNDARIO - NOMBRE PERSONAL
9 (RLIN) 48339
Nombre personal Rueda, Mario
710 ## - ASIENTO SECUNDARIO - NOMBRE CORPORATIVO
Nombre corporativo o de jurisdicción como elemento de entrada COLCIENCIAS
9 (RLIN) 10710
710 ## - ASIENTO SECUNDARIO - NOMBRE CORPORATIVO
9 (RLIN) 88345
Nombre corporativo o de jurisdicción como elemento de entrada Instituto Colombiano de Desarrollo Rural (INCODER)
942 ## - ELEMENTOS ADICIONALES (KOHA)
Sistema de clasificación Dewey Decimal Classification
Tipo de ítem Libro
Existencias
Withdrawn status Lost status Sistema de Clasificación Damaged status No para préstamo Colección Ubicación Permanente Ubicación actual Fecha de adquisición Total Checkouts Número topográfico Inventario / Código de Barras Date last seen Ejemplar Price effective from Forma de adquisición Tipo de material
    Dewey Decimal Classification     General Bogotá Bogotá 12/11/2019   LB-639.58 R42m 034356 12/11/2019 Ej.1 12/11/2019 Canje Libro
    Dewey Decimal Classification     General Bogotá Bogotá 12/11/2019   LB-639.58 R42m 043781 12/11/2019 Ej.2 12/11/2019 Canje Libro